| 000 | 00778 a2200253 4500 | ||
|---|---|---|---|
| 001 | 200128803 | ||
| 999 |
_c200128803 _d31738 |
||
| 003 | TR-AnTOB | ||
| 005 | 20240115095626.0 | ||
| 008 | 130520s2005 tu 000 0 | ||
| 040 | _aTR-AnTOB | ||
| 041 | _atur | ||
| 050 | 0 | 0 |
_aHV700.T8 _bG63 2005 |
| 090 | _aHV700.T8 G63 2005 | ||
| 100 | 1 |
_aGöçmez, Özlem _987455 |
|
| 245 | 1 | 0 |
_aAile yardımı ve Türkiye uygulaması / _cÖzlem Göçmez. |
| 264 | 1 |
_aAnkara : _bSosyal Güvenlik Kurumu Başkanlığı, _c2005. |
|
| 300 |
_a85 s. : _bgrf., tbl. ; _c23 cm. |
||
| 650 | 1 | 0 |
_aFamily services _zTurkey _993129 |
| 650 | 1 | 7 |
_aAile hizmetleri _zTürkiye _2etuturkob _980366 |
| 650 | 1 | 0 |
_aFamily social work _zTurkey _987456 |
| 650 | 1 | 0 |
_aAile sosyal çalışması _zTürkiye _987457 |
| 942 | _cBK | ||